|
|
แสดงรายละเอียดบรรณานุกรม |
|
|
Brief Record
: Get Marc (ISO 2709)
: E-mail record
: |
|
|
| LEADER 00000nam 2200000uu 4500 | |||
| 001 212795 | |||
| 003 ULIBM | |||
| 008 020711s2558 th a 000 0 tha d | |||
| 020 9786167946047 | |||
| 041 ^atha | |||
| 090 ^aนว B443ผ 2558 | |||
| 100 Bellisma | |||
| 245 เผด็จการรักตีตราหัวใจ/^cBellisma | |||
| 260 กรุงเทพฯ :^bบีลีฟบุ๊กส์ จำกัด,^c2558 | |||
| 300 225 หน้า ;^c21 ซม. | |||
| 650 4 นวนิยายไทย | |||
| 999 ^aใช้งานได้ทุกระบบ | |||
| คุณยังไม่ได้ล็อกอิน คุณสามารถมีกิจกรรมร่วมกับเว็บไซต์ได้ แต่ต้องล็อกอินก่อน :: |
|
| สถานะ | |||||||||
| 1. | นวนิยาย | นว B443ผ 2558 | On Shelf ขอยืม | ||||||
| [แสดง 1/1 รายการ] | |||||||||
| รายการใกล้เคียง หัวเรื่อง [นวนิยายไทย] |
BibComment |
| คอมเมนท์ทรัพยากรรายการนี้ |
|
|